[Event "Vaxjo op"]
[Site "Vaxjo"]
[Date "2015.02.14"]
[Round "6"]
[White "Rydstrom, Tom"]
[Black "Danielsson, Fredrik"]
[Result "1-0"]
[WhiteElo "2314"]
[BlackElo "1993"]
[PlyCount "121"]
[EventDate "2015.02.13"]
[EventType "swiss"]
[EventRounds "8"]
[EventCountry "SWE"]
[SourceTitle "CBM 164 Extra"]
[Source "ChessBase"]
[SourceDate "2015.03.02"]
[SourceVersion "1"]
[SourceVersionDate "2015.03.02"]
[SourceQuality "1"]

1. e4 c5 2. Nf3 d6 3. d4 cxd4 4. Nxd4 Nf6 5. Nc3 a6 6. Be3 e5 7. Nf3 Qc7 8. a4 Be6 9. Be2 Be7 10. 0-0 0-0 11. h3 Nbd7 12. a5 Nc5 13. Nd5 Nxd5 14. exd5 Bf5 15. c4 b6 16. b4 Nd7 17. axb6 Nxb6 18. Qd2 Nxc4 19. Qc3 Rfc8 20. Rfc1 Nxe3 21. Qxc7 Rxc7 22. Rxc7 Nxd5 23. Rc4 Rb8 24. Rxa6 Rxb4 25. Rxb4 Nxb4 26. Ra7 Bf8 27. Rb7 Nc6 28. Bc4 Nd8 29. Ra7 Be6 30. Bxe6 Nxe6 31. Rd7 g6 32. Nd2 Nc5 33. Rd8 Ne6 34. Ra8 Kg7 35. Nc4 Nc5 36. Kf1 h5 37. Ke2 Be7 38. Re8 Bf8 39. Rb8 Ne6 40. Rb6 Nd4+ 41. Kd3 Ne6 42. g3 Ng5 43. h4 Ne6 44. Ke4 Nc5+ 45. Kd5 Nd7 46. Rb7 Nf6+ 47. Kc6 Ne4 48. Rb2 f5 49. Ne3 Kf6 50. Nd5+ Ke6 51. Nc7+ Kf6 52. Nd5+ Ke6 53. Rb8 Bh6 54. Re8+ Kf7 55. Re7+ Kf8 56. Ra7 Nxf2 57. Kxd6 Ng4 58. Ke6 e4 59. Nf6 Nxf6 60. Kxf6 Bg7+ 61. Rxg7 1-0